|
|
|
|
| LEADER |
00000cam a2200000 7i4500 |
| 001 |
0000000349 |
| 005 |
20220105103909.0 |
| 008 |
290627 |
| 020 |
|
|
|a 9835700656
|
| 090 |
0 |
0 |
|a JP
|b PR MAL (294)
|
| 245 |
0 |
0 |
|a Hadiah hari ibu
|c Penyusun Suhaimi
|
| 260 |
|
|
|a Kuala Lumpur :
|b Gema Insan ,
|c 2002
|
| 440 |
|
|
|a Kisah dan tauladan
|
| 500 |
|
|
|a Children age 4-6 years old (yellow)
|
| 650 |
|
0 |
|a Malay fiction
|
| 999 |
|
|
|a 0000766934
|b Book
|c Children Collection
|e Cawangan Bandar Penawar
|
| 999 |
|
|
|a 0000766935
|b Book
|c Children Collection
|e Cawangan Bandar Penawar
|
| 999 |
|
|
|a 0000773067
|b Book
|c Children Collection
|e Cawangan Pontian
|
| 999 |
|
|
|a 0000773069
|b Book
|c Children Collection
|e Cawangan Pontian
|
| 999 |
|
|
|a 0000786658
|b Book
|c Children Collection
|e Cawangan Segamat
|
| 999 |
|
|
|a 0000786659
|b Book
|c Children Collection
|e Cawangan Segamat
|
| 999 |
|
|
|a 0000900869
|b Book
|c Children Collection
|e Cawangan Pontian
|
| 999 |
|
|
|a 0000900870
|b Book
|c Children Collection
|e Cawangan Pontian
|
| 999 |
|
|
|a 0000900873
|b Book
|c Children Collection
|e Cawangan Tmn. Ungku Tun Aminah
|
| 999 |
|
|
|a 0000900874
|b Book
|c Children Collection
|e Cawangan Tmn. Ungku Tun Aminah
|
| 999 |
|
|
|a 0000960630
|b Book
|c Children Collection
|e Perbadanan Perpustakaan Awam Johor
|
| 999 |
|
|
|a 0000960631
|b Book
|c Children Collection
|e Perbadanan Perpustakaan Awam Johor
|
| 999 |
|
|
|a 0000960632
|b Book
|c Children Collection
|e Perbadanan Perpustakaan Awam Johor
|
| 999 |
|
|
|a 0000960633
|b Book
|c Children Collection
|e Perbadanan Perpustakaan Awam Johor
|
| 999 |
|
|
|a 0000976279
|b Book
|c Children Collection
|e Cawangan Pontian
|
| 999 |
|
|
|a 0000976280
|b Book
|c Children Collection
|e Cawangan Tmn. Ungku Tun Aminah
|
| 999 |
|
|
|a 0000976282
|b Book
|c Children Collection
|e Cawangan Tmn. Ungku Tun Aminah
|
| 999 |
|
|
|a 0001164731
|b Book
|c Children Collection
|e Cawangan Mersing
|
| 999 |
|
|
|a 0001164734
|b Book
|c Children Collection
|e Cawangan Bandar Penawar
|
| 999 |
|
|
|a 0001164736
|b Book
|c Children Collection
|e Cawangan Bukit Gambir
|
| 999 |
|
|
|a 0001164737
|b Book
|c Children Collection
|e Cawangan Tangkak
|
| 999 |
|
|
|a 0001164738
|b Book
|c Children Collection
|e Cawangan Segamat
|
| 999 |
|
|
|a 0001164741
|b Book
|c Children Collection
|e Cawangan Pontian
|
| 999 |
|
|
|a 0001164742
|b Book
|c Children Collection
|e Cawangan Taman Sri Lambak
|
| 999 |
|
|
|a 0001164743
|b Book
|c Children Collection
|e Cawangan Tmn. Ungku Tun Aminah
|
| 999 |
|
|
|a 000915741
|b Book
|c Children Collection
|e Cawangan Bandar Tenggara
|